000 00555nam a22002177a 4500
003 UA-OsUOA
001 95071
007 ta
008 20130225b un ||||| |||| 00| 0 ukr d
100 _aЕкзюпері А.
090 _a821.161.2
_bЕк
942 _cBK
040 _aUA-OsUOA
_brus
_cUA-OsUOA
_dUA-OsUOA
245 _aМаленькій принц
300 _a91 с.
955 _a3
041 _arus
080 _a821.161.2
260 _aК.
_bМолодь
_c1976
650 7 _a82 Література. Літературознавство
_2UDC
999 _c381315
_d381315